IV coloquio internacional perspectivas de investigación y experiencias de formación en lengua materna
Guardat en:
| Autor principal: | |
|---|---|
| Format: | Llibre |
| Idioma: | espanyol |
| Publicat: |
Bogotá
Universidad Distrital Francisco José de Caldas
2011
|
| Edició: | 1a. ed |
| Matèries: | |
| Etiquetes: |
Afegir etiqueta
Sense etiquetes, Sigues el primer a etiquetar aquest registre!
|
MARC
| LEADER | 00000cam a2200000 a 4500 | ||
|---|---|---|---|
| 001 | UCE1646 | ||
| 003 | CL-VaPUC | ||
| 005 | 20220423074506.0 | ||
| 008 | 140508e20110000ck 1 spa d | ||
| 020 | |a 9789588723402 | ||
| 082 | 0 | 4 | |a 460 |b ROD |2 21 |
| 100 | 1 | |a Rodríguez Luna, María Elvira |e author |9 622036 | |
| 245 | 1 | 0 | |a IV coloquio internacional perspectivas de investigación y experiencias de formación en lengua materna |
| 250 | |a 1a. ed | ||
| 260 | |a Bogotá |b Universidad Distrital Francisco José de Caldas |c 2011 | ||
| 300 | |a 362 p | ||
| 583 | |a last modification |c 20140508 16:03:00 |k Rodrigo Vera | ||
| 650 | 0 | 0 | |a Idioma español |9 309143 |
| 650 | 0 | 0 | |a Lenguaje y lenguas |9 265846 |
| 650 | 0 | 0 | |a Enseñanza del español |9 339826 |
| 650 | 0 | 0 | |a Educación lingüística |9 306506 |
| 942 | |c BK | ||
| 945 | |a dcastane |d 20140508 16:03:00 | ||
| 546 | |a En Español | ||
| 536 | |a Universidad Distrital Francisco José de Caldas | ||
| 518 | |p Coloquio Internacional Perspectivas de Investigación y Experiencias de Formación en Lengua Materna, 4, Bogotá, 2011 | ||
| 999 | |c 384757 |d 384755 | ||
| 952 | |0 0 |1 0 |3 erb |4 0 |6 460_000000000000000_ROD_2011 |7 0 |8 A |9 507692 |a BIBCUR |b BIBCUR |i 5076900 |o 460 ROD 2011 |p 5076900 |r 2025-04-22 |w 2020-01-23 |y BK |z Catalogado en:20140508 |k QUI | ||